[Event "DFMM-LV"]
[Site "Braunfels"]
[Date "2013.05.31"]
[Round "3.7"]
[White "von Keyserlingk, Chanda"]
[Black "Krupp, Katja"]
[Result "0-1"]
[WhiteElo "1734"]
[BlackElo "1632"]
[PlyCount "114"]
[EventDate "2013.05.30"]
[EventType "team-swiss"]
[EventCountry "GER"]
[WhiteTeam "Sachsen"]
[BlackTeam "Schleswig Holstein"]
[WhiteTeamCountry "GER"]
[BlackTeamCountry "GER"]

1. d4 d5 2. c4 Nf6 3. Nc3 e6 4. cxd5 exd5 5. Bg5 Be7 6. e3 O-O 7. Bd3 b6 8.
Nge2 Bb7 9. O-O Nbd7 10. Rc1 Re8 11. Re1 c5 12. Bb1 Ne4 13. Bxe7 Qxe7 14. Qc2
Qh4 15. Nxe4 dxe4 16. Qd1 Re6 17. g3 Qg5 18. Nf4 Rh6 19. d5 Nf6 20. Kg2 Rd8 21.
Qa4 Nxd5 22. Nxd5 Bxd5 23. Rcd1 Bc6 24. Rxd8+ Qxd8 25. Qxa7 f5 26. Qa3 Qd2 27.
Qb3+ Bd5 28. Qd1 Qxd1 29. Rxd1 Bc6 30. a3 Ba4 31. Ba2+ Kf8 32. Rd2 Be8 33. Bb3
b5 34. Bd1 Rc6 35. Be2 c4 36. Rd5 Rf6 37. Kf1 g5 38. Kg2 Ke7 39. Rd2 Bf7 40.
Bd1 Rb6 41. g4 fxg4 42. Bxg4 b4 43. axb4 Rxb4 44. Kf1 h5 45. Bf5 Kf6 46. Bxe4
c3 47. Rd4 Rxd4 48. exd4 cxb2 49. Bb1 Ke6 50. Ke2 Kd5 51. Ke3 Kc4 52. Bd3+ Kc3
53. Bb1 Bd5 54. f3 h4 55. f4 g4 56. f5 g3 57. hxg3 h3 0-1

[Event "DFMM-LV"]
[Site "Braunfels"]
[Date "2013.05.31"]
[Round "3.8"]
[White "Suhr, Michaela"]
[Black "Gottschall, Ina"]
[Result "0-1"]
[WhiteElo "1055"]
[BlackElo "1710"]
[PlyCount "114"]
[EventDate "2013.05.30"]
[EventType "team-swiss"]
[EventCountry "GER"]
[WhiteTeam "Schleswig Holstein"]
[BlackTeam "Sachsen"]
[WhiteTeamCountry "GER"]
[BlackTeamCountry "GER"]

1. e4 g6 2. d4 d6 3. Nf3 Bg7 4. d5 Nf6 5. Nc3 O-O 6. Bd3 Bg4 7. h3 Bxf3 8. Qxf3
Nbd7 9. Bf4 c6 10. O-O Nh5 11. Bd2 Ne5 12. Qe2 Rc8 13. Rab1 c5 14. b3 a6 15.
Nd1 b5 16. c4 b4 17. Be3 Qa5 18. Rb2 Nxd3 19. Rc2 Ne5 20. Qd2 Nd7 21. Re1 Rfe8
22. Bh6 Bh8 23. Ne3 Bc3 24. Qc1 Bxe1 25. Qxe1 Ne5 26. Ng4 f6 27. Qe2 Nf7 28.
Qe3 Qc7 29. f4 Nxh6 30. Nxh6+ Kg7 31. f5 g5 32. Ng4 Ra8 33. Qf3 Kh8 34. Nh6 Ng7
35. g3 Rf8 36. h4 Qd7 37. Rf2 Qe8 38. hxg5 Qh5 39. Qf4 Qxg5 40. Qxg5 fxg5 41.
Ng4 Nh5 42. Kg2 Kg7 43. Nh2 Nf6 44. Re2 Nd7 45. g4 Ne5 46. Rd2 a5 47. Nf3 Nxf3
48. Kxf3 a4 49. Re2 axb3 50. axb3 Ra3 51. Re3 Kf6 52. Kg3 Ke5 53. Kf3 Rf6 54.
Rd3 Rh6 55. Kg3 Ra2 56. Re3 Rhh2 57. Kf3 Rh3# 0-1

[Event "DFMM-LV"]
[Site "Braunfels"]
[Date "2013.06.01"]
[Round "4.1"]
[White "Paehtz, Elisabeth"]
[Black "Jussupow, Nadia"]
[Result "1-0"]
[WhiteElo "2466"]
[BlackElo "2173"]
[PlyCount "53"]
[EventDate "2013.05.30"]
[EventType "team-swiss"]
[EventCountry "GER"]
[WhiteTeam "Baden"]
[BlackTeam "Bayern"]
[WhiteTeamCountry "GER"]
[BlackTeamCountry "GER"]

1. d4 Nf6 2. Nf3 g6 3. g3 Bg7 4. Bg2 d5 5. O-O O-O 6. c4 c6 7. Qb3 Qb6 8. Nc3
Rd8 9. Qa3 dxc4 10. Qxe7 Nd5 11. Qh4 Nd7 12. e4 Nxc3 13. bxc3 Nf8 14. Be3 Qa5
15. Rfb1 Re8 16. Rc1 f5 17. Nd2 Be6 18. Rab1 fxe4 19. Rxb7 Rab8 20. Rxg7+ Kxg7
21. Qh6+ Kg8 22. Nxe4 Nd7 23. Bf4 Rb5 24. Ng5 Re7 25. Bxc6 Bd5 26. Bd6 Bxc6 27.
Bxe7 1-0

[Event "DFMM-LV"]
[Site "Braunfels"]
[Date "2013.06.01"]
[Round "4.2"]
[White "Stangl, Anita"]
[Black "Kiefhaber, Veronika"]
[Result "1/2-1/2"]
[WhiteElo "2126"]
[BlackElo "2211"]
[PlyCount "131"]
[EventDate "2013.05.30"]
[EventType "team-swiss"]
[EventCountry "GER"]
[WhiteTeam "Bayern"]
[BlackTeam "Baden"]
[WhiteTeamCountry "GER"]
[BlackTeamCountry "GER"]

1. e4 c5 2. Nf3 g6 3. d4 cxd4 4. Nxd4 Nc6 5. Nc3 Bg7 6. Be3 Nf6 7. Bc4 Qa5 8.
O-O O-O 9. Bb3 d6 10. f3 Bd7 11. Qd2 Rac8 12. Nde2 Rfd8 13. Rad1 Ne5 14. Nd5
Qxd2 15. Rxd2 Nxd5 16. Bxd5 Nc4 17. Bxc4 Rxc4 18. b3 Rc6 19. c4 a6 20. Rfd1 b6
21. Nd4 Rc7 22. Nc2 Rb7 23. Rd3 Be6 24. Nb4 Ra8 25. Nd5 Bxd5 26. Rxd5 Bf6 27.
Bh6 Be5 28. f4 Bg7 29. Bg5 Rc8 30. e5 h6 31. Bh4 dxe5 32. fxe5 e6 33. Rd8+ Rxd8
34. Rxd8+ Kh7 35. Bg3 g5 36. Rd3 Kg6 37. Kf2 Rc7 38. Ke3 b5 39. Kd4 bxc4 40.
bxc4 h5 41. h3 Bf8 42. Rf3 Rd7+ 43. Ke4 Rd2 44. Rf6+ Kg7 45. Rf2 Rd1 46. Rc2
Bc5 47. Bf2 Bxf2 48. Rxf2 Kf8 49. Rb2 Ke7 50. Rb7+ Ke8 51. Ra7 Rd2 52. Rxa6
Rxg2 53. a4 Rg3 54. a5 Rxh3 55. Ra8+ Kd7 56. a6 Ra3 57. Rf8 Rxa6 58. Rxf7+ Kc6
59. Rg7 Kc5 60. Rxg5 Kxc4 61. Rxh5 Ra1 62. Rh8 Re1+ 63. Kf4 Rf1+ 64. Ke4 Re1+
65. Kf4 Rf1+ 66. Ke4 1/2-1/2

[Event "DFMM-LV"]
[Site "Braunfels"]
[Date "2013.06.01"]
[Round "4.3"]
[White "Rubina, Tatiana"]
[Black "Ankerst, Milka"]
[Result "1/2-1/2"]
[WhiteElo "1980"]
[BlackElo "2084"]
[PlyCount "126"]
[EventDate "2013.05.30"]
[EventType "team-swiss"]
[EventCountry "GER"]
[WhiteTeam "Baden"]
[BlackTeam "Bayern"]
[WhiteTeamCountry "GER"]
[BlackTeamCountry "GER"]

1. e4 c5 2. Nc3 Nc6 3. g3 g6 4. Bg2 Bg7 5. d3 e6 6. Be3 d6 7. Qd2 Nd4 8. Nd1
Rb8 9. c3 Nc6 10. Ne2 Qb6 11. O-O Bd7 12. Kh1 a5 13. d4 cxd4 14. Nxd4 Nxd4 15.
cxd4 Qd8 16. Nc3 Ne7 17. d5 e5 18. f4 O-O 19. fxe5 Bxe5 20. Bf4 f6 21. Bxe5
dxe5 22. Rf2 Kg7 23. Re1 Qb6 24. Nd1 Rbc8 25. Ne3 Qc5 26. b3 a4 27. d6 Nc6 28.
Rc1 Qd4 29. Qxd4 Nxd4 30. Rc7 Rxc7 31. dxc7 axb3 32. axb3 Nxb3 33. Nd5 Nd4 34.
Nb6 Bc8 35. Ra2 Be6 36. Ra7 Bc8 37. Ra8 Nb5 38. Rxc8 Rxc8 39. Nxc8 Nxc7 40. Nb6
Ne8 41. Kg1 Nd6 42. Kf2 Kf7 43. Ke3 Ke6 44. Bf1 f5 45. Bc4+ Nxc4+ 46. Nxc4 b5
47. Nd2 Kd6 48. Kd3 h6 49. Kc3 Kc5 50. Nb3+ Kc6 51. Kd3 Kd6 52. h4 h5 53. Ke3
Ke6 54. Nc5+ Kd6 55. Nd3 Ke6 56. Nb4 Kd6 57. Nd5 Kd7 58. Kd3 Kd6 59. Ne3 Ke6
60. Nd5 Kd6 61. Ne3 Ke6 62. Nf1 Kf6 63. Ne3 Ke6 1/2-1/2

[Event "DFMM-LV"]
[Site "Braunfels"]
[Date "2013.06.01"]
[Round "4.4"]
[White "Vidonyak, Nellya"]
[Black "Vollstaedt Klein, Sabine"]
[Result "1-0"]
[WhiteElo "2124"]
[BlackElo "1902"]
[PlyCount "71"]
[EventDate "2013.05.30"]
[EventType "team-swiss"]
[EventCountry "GER"]
[WhiteTeam "Bayern"]
[BlackTeam "Baden"]
[WhiteTeamCountry "GER"]
[BlackTeamCountry "GER"]

1. b3 e5 2. Bb2 Nc6 3. g3 d5 4. Bg2 Nf6 5. c4 Be6 6. Nf3 dxc4 7. Nxe5 Nxe5 8.
Bxe5 c6 9. bxc4 Bxc4 10. O-O Be7 11. Nc3 O-O 12. Rb1 Qd7 13. Qc2 Rad8 14. d3
Be6 15. Bxf6 Bxf6 16. Ne4 Be7 17. Nc5 Bxc5 18. Qxc5 a6 19. a3 Qc7 20. Rfc1 Rfe8
21. Rb4 f5 22. d4 g6 23. d5 Bf7 24. e3 Rd6 25. Rcb1 b5 26. dxc6 Red8 27. Rd4
Be8 28. Rbd1 Rxd4 29. exd4 Rd6 30. Rc1 Bf7 31. d5 Rf6 32. Qd4 Rd6 33. Qe5 Kf8
34. Qxd6+ Qxd6 35. c7 Qxa3 36. c8=Q+ 1-0

[Event "DFMM-LV"]
[Site "Braunfels"]
[Date "2013.06.01"]
[Round "4.5"]
[White "Schneider, Birgit"]
[Black "Dirmeier, Carolin"]
[Result "1/2-1/2"]
[WhiteElo "2044"]
[BlackElo "2030"]
[PlyCount "61"]
[EventDate "2013.05.30"]
[EventType "team-swiss"]
[EventCountry "GER"]
[WhiteTeam "Baden"]
[BlackTeam "Bayern"]
[WhiteTeamCountry "GER"]
[BlackTeamCountry "GER"]

1. e4 c5 2. c3 g6 3. d4 cxd4 4. cxd4 d5 5. e5 Bg7 6. Nc3 Nh6 7. h3 O-O 8. Nf3
f6 9. Be2 Nc6 10. exf6 Rxf6 11. Bxh6 Bxh6 12. O-O e6 13. Bb5 Ne7 14. Ne5 Bg7
15. Ba4 a6 16. Rc1 b5 17. Bc2 Qd6 18. Bb1 Bb7 19. a3 Raf8 20. Ng4 R6f7 21. Qd2
Kh8 22. Rce1 Nc6 23. Ne2 e5 24. dxe5 Nxe5 25. Ba2 Re7 26. Nd4 Rfe8 27. Nxe5
Rxe5 28. Rxe5 Qxe5 29. Rd1 Rf8 30. b4 Rd8 31. Nf3 1/2-1/2

[Event "DFMM-LV"]
[Site "Braunfels"]
[Date "2013.06.01"]
[Round "4.6"]
[White "Woniak, Katarzyna"]
[Black "Wiesner, Paula"]
[Result "1/2-1/2"]
[WhiteElo "1962"]
[BlackElo "1831"]
[PlyCount "184"]
[EventDate "2013.05.30"]
[EventType "team-swiss"]
[EventCountry "GER"]
[WhiteTeam "Bayern"]
[BlackTeam "Baden"]
[WhiteTeamCountry "GER"]
[BlackTeamCountry "GER"]

1. c4 e6 2. Nc3 d5 3. d4 Nf6 4. Nf3 Nbd7 5. cxd5 exd5 6. Bg5 Be7 7. e3 O-O 8.
Bd3 Re8 9. O-O c6 10. Rc1 Nf8 11. Ne5 Bd6 12. f4 Be7 13. Bb1 N6d7 14. Bxe7 Rxe7
15. a3 Nb6 16. Qd3 f6 17. Nf3 Nc4 18. Nd1 Qe8 19. Rc3 Nd6 20. Ba2 Bf5 21. Qe2
Ne6 22. g3 Nb5 23. Rc1 Nexd4 24. Nxd4 Nxd4 25. Qd2 Nb5 26. a4 Nd6 27. b4 Kh8
28. b5 Rd8 29. bxc6 bxc6 30. Re1 Ne4 31. Qg2 c5 32. g4 Bg6 33. f5 Bf7 34. Bb1
c4 35. Bc2 Nc5 36. Rf1 Ne4 37. Rf4 Re5 38. a5 Qe7 39. Rb1 Re8 40. Ba4 Rd8 41.
Bc2 Nd6 42. a6 Be8 43. Rd4 Nb5 44. Rf4 Nd6 45. Rd4 Bc6 46. Qg3 Nb5 47. Rf4 Nc7
48. Ra1 Bb5 49. Rf3 Bxa6 50. Nc3 Rd6 51. Ne2 Nb5 52. Qh3 Qe8 53. Nf4 Kg8 54.
Ne6 Bb7 55. g5 d4 56. gxf6 Bxf3 57. Qg3 Qf7 58. Qxe5 d3 59. Qxb5 Rxe6 60. Qxc4
Rxf6 61. Qc8+ Qf8 62. Qc4+ Qf7 63. Qc8+ Qf8 64. Qc4+ Kh8 65. Bxd3 Rc6 66. Qf4
Bd5 67. Rxa7 Rc1+ 68. Kf2 Qf6 69. Ra8+ Bg8 70. Qb8 Qh4+ 71. Kf3 Qh5+ 72. Kf4
Qxh2+ 73. Ke4 Qg2+ 74. Ke5 Qf2 75. Ke4 Qh4+ 76. Kf3 Qh5+ 77. Kf4 Qh2+ 78. Kf3
Qh3+ 79. Kf4 Qh6+ 80. Kf3 Qc6+ 81. e4 Rf1+ 82. Bxf1 Qc3+ 83. Kg4 h5+ 84. Kxh5
Qf3+ 85. Kg5 Qe3+ 86. Kh4 Qf2+ 87. Qg3 Qxf1 88. Kg4 Qd1+ 89. Kg5 Qc1+ 90. Kg4
Qd1+ 91. Kg5 Qc1+ 92. Kg4 Qd1+ 1/2-1/2

[Event "DFMM-LV"]
[Site "Braunfels"]
[Date "2013.06.01"]
[Round "4.7"]
[White "Franzenburg, Maria"]
[Black "Spiel, Marianne"]
[Result "1/2-1/2"]
[WhiteElo "1900"]
[BlackElo "1931"]
[PlyCount "45"]
[EventDate "2013.05.30"]
[EventType "team-swiss"]
[EventCountry "GER"]
[WhiteTeam "Baden"]
[BlackTeam "Bayern"]
[WhiteTeamCountry "GER"]
[BlackTeamCountry "GER"]

1. c4 e6 2. Nc3 Nf6 3. d4 d5 4. e3 c6 5. Nf3 Bd6 6. cxd5 exd5 7. Bd3 Bg4 8. h3
Bh5 9. O-O Nbd7 10. Re1 O-O 11. e4 dxe4 12. Nxe4 Nxe4 13. Bxe4 Nf6 14. Bg5 Bc7
15. Bh4 Bb6 16. g4 Bg6 17. Bxg6 fxg6 18. Kg2 Qd7 19. Qb3+ Qd5 20. Re7 Qxb3 21.
axb3 Rf7 22. Rae1 Kf8 23. Rxf7+ 1/2-1/2

[Event "DFMM-LV"]
[Site "Braunfels"]
[Date "2013.06.01"]
[Round "4.8"]
[White "Niedermaier, Barbara"]
[Black "Wodzinski, Kristin"]
[Result "1/2-1/2"]
[WhiteElo "1960"]
[BlackElo "1643"]
[PlyCount "57"]
[EventDate "2013.05.30"]
[EventType "team-swiss"]
[EventCountry "GER"]
[WhiteTeam "Bayern"]
[BlackTeam "Baden"]
[WhiteTeamCountry "GER"]
[BlackTeamCountry "GER"]

1. e4 c5 2. Nf3 d6 3. d4 cxd4 4. c3 dxc3 5. Nxc3 Nf6 6. Bc4 e6 7. O-O Be7 8.
Qe2 O-O 9. Rd1 a6 10. Bf4 b5 11. Bb3 Qb6 12. Be3 Qb7 13. Bg5 Rd8 14. Rac1 Nc6
15. e5 dxe5 16. Nxe5 Nxe5 17. Qxe5 Bd7 18. Nd5 exd5 19. Qxe7 Re8 20. Qd6 Re6
21. Qg3 Bc6 22. Qd3 Rd8 23. Bc2 g6 24. Qd4 Rdd6 25. Bf4 Rd8 26. Bg5 Rdd6 27.
Bf4 Rd8 28. Bg5 Rdd6 29. Bf4 1/2-1/2

[Event "DFMM-LV"]
[Site "Braunfels"]
[Date "2013.06.01"]
[Round "4.1"]
[White "Juergens, Vera"]
[Black "Jeske, Kirsten"]
[Result "1-0"]
[WhiteElo "2282"]
[BlackElo "1987"]
[PlyCount "151"]
[EventDate "2013.05.30"]
[EventType "team-swiss"]
[EventCountry "GER"]
[WhiteTeam "Hamburg"]
[BlackTeam "Mecklenburg Vorpommern"]
[WhiteTeamCountry "GER"]
[BlackTeamCountry "GER"]

1. d4 Nf6 2. Nf3 g6 3. g3 Bg7 4. Bg2 d5 5. O-O O-O 6. b3 c5 7. e3 Nc6 8. Bb2
Ne4 9. Qc1 Bg4 10. dxc5 Bxb2 11. Qxb2 Nxc5 12. Nbd2 Nd7 13. c4 e6 14. cxd5 exd5
15. h3 Be6 16. Rfd1 Qf6 17. Qxf6 Nxf6 18. Ng5 Rad8 19. Nxe6 fxe6 20. Rac1 Rf7
21. f4 e5 22. Nf3 e4 23. Ne5 Rc7 24. Rc5 Rd6 25. g4 Re7 26. g5 Nd7 27. Rcxd5
Rxd5 28. Rxd5 Ndxe5 29. fxe5 Nxe5 30. Rd4 Kg7 31. Bxe4 h6 32. gxh6+ Kxh6 33.
Kg2 Nf7 34. Kf2 Ng5 35. Bg2 Rc7 36. Ke2 Rc2+ 37. Rd2 Rc7 38. h4 Nf7 39. Be4 g5
40. hxg5+ Kxg5 41. a4 Kf6 42. Rc2 Re7 43. Bd5 Nd6 44. Kd3 Ke5 45. Bf3 Ne8 46.
Rc4 Nf6 47. a5 Kd6 48. Rb4 Nd7 49. Kd4 b6 50. axb6 Nxb6 51. e4 Rc7 52. e5+ Ke7
53. Bg4 Rc2 54. Rb5 Rg2 55. Bf5 Rd2+ 56. Kc3 Rf2 57. Bd3 Rf8 58. Ra5 Rc8+ 59.
Kd4 Rc7 60. Bf5 Nd7 61. Rd5 Nb6 62. Rd6 Nc8 63. Rh6 Nb6 64. Rh7+ Kd8 65. Rxc7
Kxc7 66. Kc5 Nd7+ 67. Bxd7 Kxd7 68. b4 Ke6 69. Kd4 Ke7 70. Kd5 Kd7 71. b5 Ke7
72. e6 Ke8 73. Kd6 Kd8 74. e7+ Ke8 75. Ke6 a5 76. b6 1-0

[Event "DFMM-LV"]
[Site "Braunfels"]
[Date "2013.06.01"]
[Round "4.2"]
[White "Wulf, Constanze"]
[Black "Ghader Pour, Shayesteh"]
[Result "0-1"]
[WhiteElo "1675"]
[BlackElo "2242"]
[PlyCount "116"]
[EventDate "2013.05.30"]
[EventType "team-swiss"]
[EventCountry "GER"]
[WhiteTeam "Mecklenburg Vorpommern"]
[BlackTeam "Hamburg"]
[WhiteTeamCountry "GER"]
[BlackTeamCountry "GER"]

1. d4 Nf6 2. c4 e6 3. Nf3 Bb4+ 4. Bd2 Bxd2+ 5. Qxd2 d5 6. e3 O-O 7. Nc3 Qe7 8.
Bd3 Rd8 9. cxd5 exd5 10. h3 c6 11. O-O Nbd7 12. Rab1 a5 13. a3 Ne4 14. Qc2 Re8
15. b4 Nf8 16. Rfc1 Ng6 17. Na4 axb4 18. axb4 Ng5 19. Nxg5 Qxg5 20. Kh1 Qh4 21.
Nb6 Rb8 22. Nxc8 Rbxc8 23. Kg1 Qg5 24. Bxg6 hxg6 25. Qe2 Qh5 26. Qxh5 gxh5 27.
b5 Rc7 28. bxc6 bxc6 29. Rc5 Kf8 30. Rbc1 Rec8 31. Kf1 Ke7 32. Ke2 Kd7 33. Kf3
Ra8 34. R1c2 Ra6 35. Kf4 g6 36. Ke5 Ra8 37. Kf4 f6 38. h4 Kd6 39. g3 Rg8 40.
Kf3 g5 41. Rc1 gxh4 42. gxh4 Rg4 43. Rh1 f5 44. Rcc1 Rcg7 45. Rh3 f4 46. Ke2
Ra7 47. Rch1 Ra3 48. Rf3 fxe3 49. fxe3 Rg2+ 50. Kf1 Rd2 51. Kg1 Rd1+ 52. Rf1
Rxf1+ 53. Kxf1 Rxe3 54. Rg1 Re4 55. Rg6+ Kc7 56. Rh6 Rxh4 57. Kg2 Rxd4 58. Rxh5
Re4 0-1

[Event "DFMM-LV"]
[Site "Braunfels"]
[Date "2013.06.01"]
[Round "4.3"]
[White "Schmidt, Jade"]
[Black "Morosova, Svetlana"]
[Result "1-0"]
[WhiteElo "2089"]
[BlackElo "1652"]
[PlyCount "93"]
[EventDate "2013.05.30"]
[EventType "team-swiss"]
[EventCountry "GER"]
[WhiteTeam "Hamburg"]
[BlackTeam "Mecklenburg Vorpommern"]
[WhiteTeamCountry "GER"]
[BlackTeamCountry "GER"]

1. d4 Nf6 2. c4 g6 3. Nc3 d5 4. Nf3 Bg7 5. Bg5 O-O 6. Bxf6 Bxf6 7. Nxd5 Bg7 8.
e3 c6 9. Nc3 Bg4 10. Be2 Nd7 11. O-O e5 12. Nxe5 Bxe2 13. Qxe2 Nxe5 14. dxe5
Bxe5 15. Rfd1 Qc7 16. g3 Bxc3 17. bxc3 Qa5 18. Qb2 Qc7 19. Rd4 Rfe8 20. Rad1
Re7 21. Qd2 Rae8 22. Rd7 Rxd7 23. Qxd7 Qxd7 24. Rxd7 Rb8 25. Kg2 a6 26. Kf3 Kg7
27. c5 Kf6 28. e4 Ke6 29. Rd6+ Ke7 30. e5 a5 31. Ke3 a4 32. Rd4 Ra8 33. Rb4 Ra7
34. f4 Ke6 35. Ke4 a3 36. g4 Ra5 37. f5+ gxf5+ 38. gxf5+ Ke7 39. Rxb7+ Ke8 40.
Kd4 Ra4+ 41. c4 Ra8 42. e6 fxe6 43. Rxh7 Rd8+ 44. Kc3 exf5 45. Rh8+ Ke7 46.
Rxd8 Kxd8 47. Kd4 1-0

[Event "DFMM-LV"]
[Site "Braunfels"]
[Date "2013.06.01"]
[Round "4.4"]
[White "Klinge, Sabina"]
[Black "Zickelbein, Eva Maria"]
[Result "0-1"]
[WhiteElo "1595"]
[BlackElo "2087"]
[PlyCount "42"]
[EventDate "2013.05.30"]
[EventType "team-swiss"]
[EventCountry "GER"]
[WhiteTeam "Mecklenburg Vorpommern"]
[BlackTeam "Hamburg"]
[WhiteTeamCountry "GER"]
[BlackTeamCountry "GER"]

1. e4 e5 2. Nf3 Nc6 3. d4 exd4 4. Nxd4 Bc5 5. Be3 Qf6 6. c3 Nge7 7. Be2 Bb6 8.
O-O d6 9. f4 O-O 10. Na3 Nxd4 11. Bxd4 Bxd4+ 12. cxd4 a6 13. Qd2 d5 14. e5 Qb6
15. Rac1 f6 16. Kh1 Bf5 17. Bf3 Rad8 18. b3 Nc6 19. Rfd1 fxe5 20. fxe5 Be4 21.
Bg4 Nxe5 0-1

[Event "DFMM-LV"]
[Site "Braunfels"]
[Date "2013.06.01"]
[Round "4.5"]
[White "Winnicki, Alice"]
[Black "Klinge, Alexandra"]
[Result "1-0"]
[WhiteElo "2062"]
[BlackElo "1568"]
[PlyCount "41"]
[EventDate "2013.05.30"]
[EventType "team-swiss"]
[EventCountry "GER"]
[WhiteTeam "Hamburg"]
[BlackTeam "Mecklenburg Vorpommern"]
[WhiteTeamCountry "GER"]
[BlackTeamCountry "GER"]

1. e4 c5 2. c3 Nc6 3. d4 cxd4 4. cxd4 g6 5. d5 Nb4 6. a3 Na6 7. Qd4 Nf6 8. e5
Qa5+ 9. Nc3 Ng8 10. e6 Nf6 11. exf7+ Kxf7 12. Nf3 Qc5 13. Qf4 Qc7 14. d6 Qxd6
15. Bc4+ e6 16. Ne5+ Ke7 17. O-O Bg7 18. Ne4 Qb6 19. Be3 Qd8 20. Bxa6 bxa6 21.
Bc5+ 1-0

[Event "DFMM-LV"]
[Site "Braunfels"]
[Date "2013.06.01"]
[Round "4.6"]
[White "Sadewasser, Lucie"]
[Black "Brandt, Carina"]
[Result "0-1"]
[WhiteElo "1513"]
[BlackElo "1834"]
[PlyCount "114"]
[EventDate "2013.05.30"]
[EventType "team-swiss"]
[EventCountry "GER"]
[WhiteTeam "Mecklenburg Vorpommern"]
[BlackTeam "Hamburg"]
[WhiteTeamCountry "GER"]
[BlackTeamCountry "GER"]

1. e4 c5 2. Nc3 Nc6 3. f4 e6 4. Nf3 d5 5. e5 Bd7 6. d3 f6 7. g3 Qc7 8. d4 a6 9.
exf6 Nxf6 10. Be3 cxd4 11. Bxd4 Nxd4 12. Nxd4 Bb4 13. Nde2 Ne4 14. Qd4 Bc5 15.
Qxg7 Bf2+ 16. Kd1 O-O-O 17. Nxe4 dxe4 18. Kc1 Be3+ 19. Kb1 e5 20. Qxe5 Qxe5 21.
fxe5 Bg4 22. Nc3 Bf3 23. Bh3+ Kb8 24. Re1 Bf2 25. Rf1 Rd2 26. a3 e3 27. Ka2
Rxc2 28. Kb3 Rd2 29. Nb1 Rd3+ 30. Nc3 Bd5+ 31. Kb4 Bc6 32. Rad1 Rxd1 33. Rxd1
Bf3 34. Rd3 e2 35. Nxe2 Bxe2 36. Rd7 Be1+ 37. Kb3 b5 38. Bf5 Bc4+ 39. Kc2 Re8
40. Rxh7 Rxe5 41. Rh8+ Kc7 42. Rh7+ Kd8 43. g4 Re3 44. h4 Bb3+ 45. Kb1 Bd2 46.
Rh8+ Ke7 47. Rh7+ Kf8 48. Rh8+ Kg7 49. Rh7+ Kg8 50. Ka1 Re1+ 51. Bb1 Bc2 52.
Rc7 Bxb1 53. g5 Bf4 54. Ra7 Bf5+ 55. Ka2 Be6+ 56. b3 Be5 57. Rxa6 Ra1# 0-1

[Event "DFMM-LV"]
[Site "Braunfels"]
[Date "2013.06.01"]
[Round "4.7"]
[White "Naipal, Victoria"]
[Black "Schuenemann, Anne"]
[Result "1/2-1/2"]
[WhiteElo "1816"]
[BlackElo "1356"]
[PlyCount "109"]
[EventDate "2013.05.30"]
[EventType "team-swiss"]
[EventCountry "GER"]
[WhiteTeam "Hamburg"]
[BlackTeam "Mecklenburg Vorpommern"]
[WhiteTeamCountry "GER"]
[BlackTeamCountry "GER"]

1. e4 c6 2. d4 d5 3. e5 Bf5 4. Nf3 e6 5. Be2 Nd7 6. O-O Rc8 7. c4 dxc4 8. Bxc4
Nb6 9. Bb3 Nd5 10. Nc3 Nge7 11. Nh4 a6 12. Bg5 Qd7 13. g4 h6 14. Bxe7 Bxe7 15.
gxf5 Bxh4 16. Qg4 Bg5 17. Ne4 exf5 18. e6 fxe6 19. Qh5+ Ke7 20. Nxg5 hxg5 21.
Qxg5+ Kf7 22. Rae1 Qe7 23. Qg3 Qh4 24. Bxd5 Qxg3+ 25. fxg3 cxd5 26. Re2 Rc4 27.
Rfe1 Re8 28. Rd1 g6 29. Kf2 Rec8 30. Kf3 Rc2 31. Rdd2 Rxd2 32. Rxd2 Kf6 33. h4
Rc1 34. g4 Rf1+ 35. Kg2 Rf4 36. g5+ Ke7 37. Kg3 Re4 38. Rd3 Kd6 39. a3 Re2 40.
Rb3 b5 41. a4 Kc6 42. axb5+ axb5 43. Kf3 Re4 44. Rc3+ Kb7 45. Re3 Kc7 46. h5
Kd7 47. h6 Ke7 48. h7 Rh4 49. Ra3 Kf8 50. Ra8+ Kg7 51. Ra7+ Kh8 52. Ke3 Rxh7
53. Ra8+ Kg7 54. Ra7+ Kg8 55. Ra8+ 1/2-1/2

[Event "DFMM-LV"]
[Site "Braunfels"]
[Date "2013.06.01"]
[Round "4.8"]
[White "Wagner, Swenja"]
[Black "Neumann, Ramona"]
[Result "0-1"]
[WhiteElo "1378"]
[BlackElo "1717"]
[PlyCount "108"]
[EventDate "2013.05.30"]
[EventType "team-swiss"]
[EventCountry "GER"]
[WhiteTeam "Mecklenburg Vorpommern"]
[BlackTeam "Hamburg"]
[WhiteTeamCountry "GER"]
[BlackTeamCountry "GER"]

1. e4 e6 2. d3 d5 3. Nd2 Nf6 4. Ngf3 c5 5. Be2 Be7 6. O-O O-O 7. Re1 Nc6 8. Nf1
dxe4 9. dxe4 Nxe4 10. Bd3 Nf6 11. Bd2 b6 12. Ng3 Bb7 13. h4 Nd4 14. Ne5 Rc8 15.
h5 Nc6 16. Ng4 Nxg4 17. Qxg4 Qd4 18. Qxd4 cxd4 19. c3 dxc3 20. Bxc3 Rfd8 21.
Be4 Ba6 22. Rab1 Nb4 23. a3 Nd5 24. Be5 Nf6 25. Bf3 Nd5 26. b4 Bb5 27. Rbd1 Ba4
28. Rc1 Rxc1 29. Rxc1 a5 30. bxa5 bxa5 31. Bb2 Bd7 32. Bxd5 exd5 33. Bc3 Bxa3
34. Ra1 Bb4 35. Bd4 Ra8 36. f3 f6 37. Kf2 Bd6 38. Ne2 a4 39. Nc3 Bc6 40. Ke3
Kf7 41. g4 Ke6 42. f4 g6 43. hxg6 hxg6 44. Rh1 a3 45. Rb1 Rb8 46. Rf1 Rb3 47.
f5+ gxf5 48. gxf5+ Kf7 49. Kd2 Rb2+ 50. Kc1 Be5 51. Nd1 Bxd4 52. Nxb2 Bxb2+ 53.
Kc2 d4 54. Rd1 Ba4+ 0-1

[Event "DFMM-LV"]
[Site "Braunfels"]
[Date "2013.06.01"]
[Round "4.1"]
[White "Vovk, Oksana"]
[Black "Barpiyeva, Gulsana"]
[Result "1/2-1/2"]
[WhiteElo "2133"]
[BlackElo "2100"]
[PlyCount "38"]
[EventDate "2013.05.30"]
[EventType "team-swiss"]
[EventCountry "GER"]
[WhiteTeam "Nordrhein Westfalen"]
[BlackTeam "Hessen"]
[WhiteTeamCountry "GER"]
[BlackTeamCountry "GER"]

1. d4 Nf6 2. c4 c5 3. d5 b5 4. Qc2 bxc4 5. e4 d6 6. Bxc4 g6 7. Nf3 Bg7 8. h3
O-O 9. O-O Nbd7 10. Na3 Nb6 11. Rd1 Nxc4 12. Nxc4 Rb8 13. Bd2 Ba6 14. b3 Nd7
15. Rab1 Nb6 16. Na5 Be2 17. Nc6 Bxd1 18. Rxd1 Qd7 19. Nxb8 Rxb8 1/2-1/2

[Event "DFMM-LV"]
[Site "Braunfels"]
[Date "2013.06.01"]
[Round "4.2"]
[White "Schlein, Julia"]
[Black "Zhang, Fan"]
[Result "0-1"]
[WhiteElo "2095"]
[BlackElo "2089"]
[PlyCount "90"]
[EventDate "2013.05.30"]
[EventType "team-swiss"]
[EventCountry "GER"]
[WhiteTeam "Hessen"]
[BlackTeam "Nordrhein Westfalen"]
[WhiteTeamCountry "GER"]
[BlackTeamCountry "GER"]

1. d4 d5 2. c4 c6 3. Nf3 Nf6 4. Nc3 a6 5. c5 Bf5 6. Bf4 Nbd7 7. e3 Nh5 8. Be5
f6 9. Nh4 Be6 10. Bg3 Bf7 11. Be2 Nxg3 12. hxg3 e5 13. Nf3 Be7 14. O-O O-O 15.
b4 Bh5 16. Ne1 Bxe2 17. Qxe2 f5 18. Nf3 Bf6 19. Qc2 e4 20. Nd2 g5 21. Ne2 Rf7
22. a4 Nf8 23. b5 Ne6 24. bxc6 bxc6 25. Rab1 f4 26. gxf4 gxf4 27. Rb6 Qc8 28.
Qb3 Bd8 29. a5 f3 30. Ng3 fxg2 31. Kxg2 Ng5 32. Rh1 Bxb6 33. cxb6 Qf8 34. Rf1
Qh6 35. Rh1 Qf6 36. Rf1 Raf8 37. Qd1 Nf3 38. Qe2 Qh4 39. Rh1 Qg4 40. Rf1 h5 41.
Rb1 h4 42. b7 Rb8 43. Qxa6 Nxd2 44. Rb2 Qf3+ 45. Kh2 hxg3+ 0-1

[Event "DFMM-LV"]
[Site "Braunfels"]
[Date "2013.06.01"]
[Round "4.3"]
[White "Rudolph, Anna"]
[Black "Bluhm, Sonja Maria"]
[Result "1/2-1/2"]
[WhiteElo "2250"]
[BlackElo "2030"]
[PlyCount "74"]
[EventDate "2013.05.30"]
[EventType "team-swiss"]
[EventCountry "GER"]
[WhiteTeam "Nordrhein Westfalen"]
[BlackTeam "Hessen"]
[WhiteTeamCountry "GER"]
[BlackTeamCountry "GER"]

1. e4 c5 2. Nf3 Nc6 3. d4 cxd4 4. Nxd4 Nf6 5. Nc3 e6 6. Ndb5 Bc5 7. Nd6+ Ke7 8.
Nxc8+ Rxc8 9. Bd3 a6 10. O-O h6 11. Qe1 Re8 12. Be3 Bb4 13. a3 Ba5 14. b4 Bc7
15. f4 Kf8 16. Qh4 d5 17. e5 d4 18. exf6 Qxf6 19. Qxf6 gxf6 20. Bd2 dxc3 21.
Bxc3 e5 22. fxe5 Bxe5 23. Bxe5 fxe5 24. Be4 Ke7 25. Rae1 f6 26. Re3 b5 27. Rg3
Rf8 28. Rg7+ Rf7 29. Rg6 Nd4 30. Rxh6 Rc3 31. h4 f5 32. Rxa6 Ne2+ 33. Kh2 Ng3
34. Ra7+ Ke8 35. Ra8+ Ke7 36. Ra7+ Ke8 37. Ra8+ Ke7 1/2-1/2